Diseño de un módulo de entrenamiento en sistemas de automatización industrial, interfaz hombre-máquina y Sistema SCADA con SIMATIC S7-1200 aplicado al control y monitoreo de un ascensor de tres niveles a Escala
Presenta diseño de un módulo de entrenamiento en sistemas de automatización industrial, interfaz hombre-máquina y Sistema SCADA con SIMATIC S7-1200 aplicado al control y monitoreo de un ascensor de tres niveles a escala, entrenamiento en sistemas de automatización, interfaz hombre-máquina y si...
| Main Authors: | , |
|---|---|
| Other Authors: | |
| Format: | Tesis Section = Libro |
| Language: | Undetermined Spanish |
| Published: |
Managua
UNI
2015
|
| Subjects: |
| LEADER | 01579nam a2200265Ia 4500 | ||
|---|---|---|---|
| 008 | 240830s9999 xx 000 0 und d | ||
| 040 | |a BIBLIOTECA-RUSB/ Mon 621.46 Z49 | ||
| 041 | |a spa | ||
| 082 | |a Mon 621.46 Z49 | ||
| 100 | 1 | |a Zelaya Molina, Cristóbal Lee | |
| 100 | 1 | |b Arburola, Miguel Ernesto | |
| 245 | 1 | 0 | |a Diseño de un módulo de entrenamiento en sistemas de automatización industrial, interfaz hombre-máquina y Sistema SCADA con SIMATIC S7-1200 aplicado al control y monitoreo de un ascensor de tres niveles a Escala |
| 260 | |a Managua |b UNI |c 2015 | ||
| 300 | |a 121 p. :il. | ||
| 500 | |a Contiene: anexos e Incluye: CD. | ||
| 502 | |a Tesis (Ingeniero Eléctrico) - UNI, 2015. | ||
| 520 | 3 | |a Presenta diseño de un módulo de entrenamiento en sistemas de automatización industrial, interfaz hombre-máquina y Sistema SCADA con SIMATIC S7-1200 aplicado al control y monitoreo de un ascensor de tres niveles a escala, entrenamiento en sistemas de automatización, interfaz hombre-máquina y sistema SCADA con SIMATIC S7-1200. Facilitar un diseño con las herramientas con el fin de proveer a los estudiantes las más novedosas técnicas del control de procesos industriales. Diseñar la distribución adecuada de los equipos, dispositivos y cableado del sistema en el módulo de entrenamiento. | |
| 650 | 7 | |a MOTOR ELECTRICO DE ASENSOR | |
| 650 | 7 | |b AUTOMATIZACION INDUSTRIAL | |
| 650 | 7 | |c MOTOR TRIFASICO | |
| 650 | 7 | |d ASCENSOR I | |
| 700 | 1 | |a Tutor: |b Palacios Rodríguez, Augusto César | |
| 942 | |c BK |2 ddc | ||
| 991 | |a TESIS | ||
| 999 | |c 20338 | ||